Teresa Ma Parés : teixit i tintura : 3 al 25 d'abril - 1986 teixit i tintura :
Descripción Física:
12 p. : il. ; 21 cm
Otros Autores:
Museu Tèxtil i d'Indumentària (Barcelona)
MARC
| LEADER | 00000nam a2200000Ia 4500 | ||
|---|---|---|---|
| 001 | 12776 | ||
| 008 | 160829s9999 xx 000 0 cat d | ||
| 080 | |a FU-3-52 | ||
| 100 | |a Parés, Teresa Ma |9 33391 | ||
| 245 | |a Teresa Ma Parés : |b teixit i tintura : |b 3 al 25 d'abril - 1986 | ||
| 260 | |a Barcelona : |b Museu Tèxtil. Diputació Provincial de Barcelona, DL 1986 | ||
| 300 | |a 12 p. : |b il. ; |c 21 cm | ||
| 590 | |a Exposició celebrada a Barcelona del 3 al 25 d'abril de 1986 | ||
| 650 | |a Art tèxtil |x Catàlegs |9 33392 | ||
| 650 | |a Parés, Teresa Ma |9 33391 | ||
| 700 | |a Museu Tèxtil i d'Indumentària (Barcelona) |9 33393 | ||
| 710 | 1 | |a Barcelona (Catalunya : Província). |b Diputació |9 52408 | |
| 901 | |a Arxiu | ||
| 942 | |n 1 | ||
| 952 | |0 0 |1 0 |4 0 |6 FU352 |7 1 |9 46284 |a Arxiu |b Arxiu |d 2016-12-01 |l 0 |o FU-3-52 |p 12776 |r 2016-12-01 00:00:00 |w 2016-12-01 |y ARXIU | ||
| 999 | |c 49788 |d 49788 | ||